000 00575nam a2200193Ia 4500
003 GCL
008 140319s9999 xx 000 0 ara d
040 _aGCL /
_cGCL
082 0 4 _a538
_bب م
100 1 _aباركر، برثا موريس
245 1 0 _aالمغنطسيات /
_cباركر، برثا موريس
700 1 _aمحمد صابر سليم
700 1 _aاحمد على فرج
300 _a36 ص
490 _aمجموعة الكتب العلمية المبسطة
_v0
650 0 4 _aالمغناطيسية
650 0 4 _aالكهربية
942 _2ddc
_cBK
999 _c51342
_d51342